[Event "Online Olym Div2 C 2021"]
[Site "chess.com INT"]
[Date "2021.09.03"]
[Round "5.5"]
[Board "6"]
[White "Mosurovic, Milena"]
[Black "Shuqja, Klean"]
[Result "0-1"]
[BlackTitle "WCM"]
[WhiteElo "1491"]
[BlackElo "1877"]
[WhiteTeam "Montenegro"]
[BlackTeam "Albania"]
[WhiteFideId "16505514"]
[BlackFideId "4701585"]
[EventDate "2021.09.02"]
[EventType "team"]

1. e4 d5 2. exd5 Qxd5 3. Nc3 Qd8 4. d4 Nf6 5. Nf3 Bg4 6. Be3 e6 7. h3 Bxf3 8.
Qxf3 c6 9. Bd3 Nbd7 10. O-O Be7 11. Rad1 O-O 12. Ne4 Nxe4 13. Bxe4 Qc7 14. Bf4
Bd6 15. Bxd6 Qxd6 16. c3 Qc7 17. Rfe1 Rfe8 18. Bc2 Rad8 19. Qe4 g6 20. f4 Nf6
21. Qe5 Qxe5 22. fxe5 Nd5 23. Re2 Rd7 24. Rf1 Kg7 25. Bb3 Nc7 26. a4 a5 27. Ref2
h6 28. g4 g5 29. Kg2 Ree7 30. Kg3 Na6 31. Bc4 c5 32. Bxa6 bxa6 33. Rd1 cxd4 34.
Rxd4 Rxd4 35. cxd4 Rb7 36. Rc2 Rb4 37. Rc6 Rxd4 38. Rxa6 Rxa4 39. Rb6 Ra2 40.
Rb5 a4 41. Rb4 a3 42. bxa3 Rxa3+ 43. Kg2 Re3 44. Rb5 Kg6 45. Rc5 h5 46. Rb5 h4
47. Rc5 f6 48. exf6 Kxf6 49. Rc6 Ke5 50. Rc5+ Kf4 51. Rc4+ Re4 52. Rc3 Re2+ 53.
Kf1 Re3 54. Rc4+ Kg3 55. Rc5 Kf4 56. Kg2 Re2+ 57. Kf1 Re5 58. Rc4+ Ke3 59. Kg2
Rd5 60. Rc2 Rd2+ 61. Rxd2 Kxd2 62. Kf3 Kd3 63. Kf2 e5 64. Ke1 Ke3 65. Kf1 Kf3 0-1

[Event "Online Olym Div2 C 2021"]
[Site "chess.com INT"]
[Date "2021.09.03"]
[Round "6.1"]
[Board "1"]
[White "Stupak, Kirill"]
[Black "Potpara, Nikola"]
[Result "1-0"]
[WhiteTitle "GM"]
[WhiteElo "2492"]
[BlackElo "2374"]
[WhiteTeam "Belarus"]
[BlackTeam "Montenegro"]
[WhiteFideId "13503758"]
[BlackFideId "910058"]
[EventDate "2021.09.02"]
[EventType "team"]

1. d4 Nf6 2. g3 c5 3. d5 d6 4. c4 g6 5. Nc3 Bg7 6. Bg2 O-O 7. Nf3 e6 8. O-O exd5
9. cxd5 Re8 10. Bf4 Bf5 11. Nh4 Bg4 12. Qb3 Na6 13. e4 Nc7 14. h3 Bc8 15. a4 a6
16. Rfe1 Nh5 17. Be3 Rb8 18. Qb6 Qe7 19. g4 Qxh4 20. Qxc7 Bxg4 21. hxg4 Qxg4 22.
Qxd6 Be5 23. Qxc5 f5 24. exf5 Rbc8 25. Qa5 gxf5 26. d6 f4 27. Qd5+ Kf8 28. d7
fxe3 29. dxe8=Q+ Rxe8 30. Qf3+ 1-0

[Event "Online Olym Div2 C 2021"]
[Site "chess.com INT"]
[Date "2021.09.03"]
[Round "6.1"]
[Board "2"]
[White "Sukovic, Andrej"]
[Black "Nikitenko, Mihail"]
[Result "0-1"]
[WhiteTitle "FM"]
[BlackTitle "IM"]
[WhiteElo "2311"]
[BlackElo "2501"]
[WhiteTeam "Montenegro"]
[BlackTeam "Belarus"]
[WhiteFideId "16502310"]
[BlackFideId "13506862"]
[EventDate "2021.09.02"]
[EventType "team"]

1. e4 e5 2. Nf3 Nc6 3. Bb5 a6 4. Ba4 Nf6 5. O-O Be7 6. Re1 b5 7. Bb3 d6 8. c3
O-O 9. h3 Bb7 10. d4 Nd7 11. Nbd2 exd4 12. c4 Bf6 13. cxb5 axb5 14. Bd5 Nb6 15.
Bxc6 Bxc6 16. Nb3 Re8 17. Qd3 Bb7 18. Nbxd4 b4 19. Nf5 Nd7 20. Qc4 Nc5 21. Ng3
b3 22. Nh5 Ra4 23. Nxf6+ Qxf6 24. Qb5 c6 25. Qb6 Ra6 26. Qb4 Rxa2 27. Be3 Rxa1
28. Rxa1 Qxb2 29. Bd4 Qc2 30. Ne1 Qxe4 31. Bxc5 Qxb4 32. Bxb4 c5 33. Bc3 Be4 34.
Ra6 d5 35. Rb6 d4 36. Bxd4 cxd4 37. Rxb3 g6 38. Nd3 Rc8 39. f3 Bf5 40. Nf4 Kg7
41. g4 Bc2 42. Rb7 Kf6 43. Kf2 g5 44. Nh5+ Ke6 45. Ke2 Bg6 46. Rb6+ Ke5 47. Nf6
Rc2+ 48. Kd1 Rh2 49. Nd7+ Kf4 50. Nc5 Kxf3 51. Rb3+ Kg2 52. Rb4 Kxh3 53. Rxd4
Rg2 54. Nd7 Rxg4 55. Rd5 Rg3 56. Ne5 f5 57. Ke1 f4 58. Kf2 Ra3 59. Nxg6 Ra2+ 60.
Kf3 g4+ 61. Kxf4 hxg6 62. Rd3+ Kh4 63. Rd8 Rf2+ 64. Ke3 Rf6 0-1

[Event "Online Olym Div2 C 2021"]
[Site "chess.com INT"]
[Date "2021.09.03"]
[Round "6.1"]
[Board "3"]
[White "Tarasenka, Aliaksandra"]
[Black "Koljevic, Nikolina"]
[Result "1-0"]
[WhiteTitle "WFM"]
[WhiteElo "2124"]
[BlackElo "1950"]
[WhiteTeam "Belarus"]
[BlackTeam "Montenegro"]
[WhiteFideId "13514288"]
[BlackFideId "16503945"]
[EventDate "2021.09.02"]
[EventType "team"]

1. d4 Nf6 2. c4 e6 3. Nc3 Bb4 4. Nf3 d5 5. e3 O-O 6. a3 Bxc3+ 7. bxc3 Nbd7 8.
Bd3 c6 9. O-O Qc7 10. Qc2 e5 11. e4 dxe4 12. Bxe4 Nxe4 13. Qxe4 Re8 14. Bg5 f6
15. Bh4 b6 16. Bg3 Bb7 17. c5 bxc5 18. dxe5 Nxe5 19. Bxe5 fxe5 20. Ng5 g6 21.
Qc4+ Kh8 22. Rad1 Qe7 23. Nf7+ Kg7 24. Nd6 Rf8 25. Qxc5 Ba6 26. Nf5+ Kf6 27.
Qxe7+ 1-0

[Event "Online Olym Div2 C 2021"]
[Site "chess.com INT"]
[Date "2021.09.03"]
[Round "6.1"]
[Board "4"]
[White "Radosevic, Nevena"]
[Black "Ilyuchyk, Yana"]
[Result "0-1"]
[BlackTitle "WFM"]
[WhiteElo "1693"]
[BlackElo "2170"]
[WhiteTeam "Montenegro"]
[BlackTeam "Belarus"]
[WhiteFideId "900435"]
[BlackFideId "13508407"]
[EventDate "2021.09.02"]
[EventType "team"]

1. d4 Nf6 2. c4 g6 3. Nc3 Bg7 4. e4 d6 5. f3 O-O 6. Be3 Nc6 7. Qd2 e5 8. Nge2 a5
9. d5 Ne7 10. Ng3 Ne8 11. Bh6 f5 12. Bxg7 Nxg7 13. exf5 gxf5 14. Bd3 Ng6 15. O-O
Qh4 16. a3 a4 17. Qc2 Bd7 18. b4 axb3 19. Qxb3 Qd4+ 20. Kh1 Qxd3 21. Rac1 b6 22.
Rfe1 Qd2 23. Red1 Qg5 24. Nb5 Bxb5 25. cxb5 Rf7 26. Rc2 Nf4 27. Rdc1 Ne8 28. Qc3
Kf8 29. Qc4 Rxa3 30. Qb4 Rd3 31. Kg1 Nxd5 32. Qc4 Rd4 33. Qc6 Nb4 34. Qc3 0-1

[Event "Online Olym Div2 C 2021"]
[Site "chess.com INT"]
[Date "2021.09.03"]
[Round "6.1"]
[Board "5"]
[White "Lazavik, Denis"]
[Black "Vujovic, Savo"]
[Result "1-0"]
[WhiteTitle "IM"]
[WhiteElo "2440"]
[BlackElo "2151"]
[WhiteTeam "Belarus"]
[BlackTeam "Montenegro"]
[WhiteFideId "13515110"]
[BlackFideId "16504020"]
[EventDate "2021.09.02"]
[EventType "team"]

1. d4 Nf6 2. c4 g6 3. g3 Bg7 4. Bg2 O-O 5. Nc3 d6 6. Nf3 Nc6 7. O-O Bg4 8. d5
Na5 9. Nd2 c5 10. Rb1 a6 11. b3 Rb8 12. h3 Bd7 13. Bb2 b5 14. Qc2 bxc4 15. bxc4
Qc7 16. e4 e5 17. Ne2 Bh6 18. f4 Nh5 19. Kh2 f6 20. Rbe1 Nb7 21. Bc3 Nd8 22. f5
Kg7 23. h4 Nf7 24. g4 Nf4 25. g5 fxg5 26. hxg5 Bxg5 27. Nxf4 Bxf4+ 28. Rxf4 Qd8
29. Rff1 Qh4+ 30. Kg1 gxf5 31. exf5 Rg8 32. Qe4 Qh5 33. Nf3 Kh8 34. Nxe5 dxe5
35. Bxe5+ Nxe5 36. Qxe5+ Rg7 37. Qxb8+ 1-0

[Event "Online Olym Div2 C 2021"]
[Site "chess.com INT"]
[Date "2021.09.03"]
[Round "6.1"]
[Board "6"]
[White "Mosurovic, Milena"]
[Black "Zeliantsova, Kseniya"]
[Result "0-1"]
[BlackTitle "WFM"]
[WhiteElo "1491"]
[BlackElo "2056"]
[WhiteTeam "Montenegro"]
[BlackTeam "Belarus"]
[WhiteFideId "16505514"]
[BlackFideId "13512617"]
[EventDate "2021.09.02"]
[EventType "team"]

1. e4 c5 2. Nc3 Nc6 3. g3 g6 4. Bg2 Bg7 5. d3 d6 6. Be3 e6 7. Qd2 Nd4 8. Nd1 Rb8
9. c3 Nc6 10. f4 Nge7 11. Nf2 b6 12. Nf3 d5 13. Qc2 dxe4 14. dxe4 Ba6 15. Rd1
Qc7 16. c4 O-O 17. O-O Rbd8 18. e5 Nf5 19. Bc1 Ncd4 20. Nxd4 Nxd4 21. Qa4 Bb7
22. Ne4 Bc6 23. Qa3 Qb7 24. Nf6+ Bxf6 25. Bxc6 Qxc6 26. exf6 Ne2+ 27. Kf2 Nxc1
28. Qe3 h6 29. Rxc1 Rd4 30. Rcd1 Rxc4 31. Rd2 b5 32. Rfd1 Qc7 33. f5 g5 34. fxe6
fxe6 35. Qxe6+ Qf7 36. Qxf7+ Rxf7 37. Rd8+ Kh7 38. R8d7 Kg6 39. Rxf7 Kxf7 40.
Rd7+ Kxf6 41. Rd6+ Kf5 42. Kf3 Rc2 43. g4+ Ke5 44. Rxh6 Rxb2 45. Ra6 Rxh2 46.
Rxa7 Rh3+ 47. Kg2 Rc3 48. Rg7 Kf4 49. Rb7 Rc2+ 50. Kg1 b4 51. Rb5 Kxg4 0-1

[Event "Online Olym Div2 C 2021"]
[Site "chess.com INT"]
[Date "2021.09.03"]
[Round "6.2"]
[Board "1"]
[White "Greet, Andrew N"]
[Black "Ashiku, Franc"]
[Result "0-1"]
[WhiteTitle "IM"]
[BlackTitle "IM"]
[WhiteElo "2401"]
[BlackElo "2421"]
[WhiteTeam "Scotland"]
[BlackTeam "Albania"]
[WhiteFideId "405817"]
[BlackFideId "4700066"]
[EventDate "2021.09.02"]
[EventType "team"]

1. e4 e5 2. Nf3 Nc6 3. Bc4 Bc5 4. c3 Nf6 5. d4 exd4 6. e5 d5 7. Bb5 Ne4 8. cxd4
Bb6 9. Nc3 Bg4 10. Be3 O-O 11. h3 Bh5 12. Bd3 Nxd4 13. Bxd4 Bxd4 14. Nxe4 dxe4
15. Bxe4 Bxb2 16. Rb1 Qxd1+ 17. Kxd1 Bxf3+ 18. Bxf3 Bxe5 19. Bxb7 Rad8+ 20. Kc2
Rd4 21. Rhd1 Rc4+ 22. Kd3 Rc3+ 23. Ke2 Bd6 24. Rdc1 Ra3 25. Rc2 g6 26. Bc6 Kg7
27. Rb3 Ra5 28. g3 h5 29. h4 Rd8 30. Kf3 Ra6 31. Kg2 Rb6 32. Kf3 Rdb8 33. Bd5 a5
34. Rxb6 Rxb6 35. Bc6 Kf6 36. a4 Rb4 37. Bb5 Ke5 38. Rc4 Rb2 39. Re4+ Kf6 40.
Re2 Rb4 41. Re4 Rb3+ 42. Re3 Rb1 43. Ke4 Bc5 44. Re2 Bb6 45. Kf3 Rb3+ 46. Kg2
Bd4 47. Re4 Rb4 48. Re2 c5 49. Rc2 Ke5 50. Bc4 f5 51. Bb5 Kd5 52. Be8 Rb6 53. f4
Ke4 54. Bb5 Be3 55. Rc4+ Kd5 56. Kf3 Bd4 57. Rc2 Ke6 58. Re2+ Kf7 59. Rc2 Kg7
60. Rc1 Re6 61. Rc2 Re3+ 62. Kg2 Ra3 63. Re2 Kf6 64. Rc2 Ke6 65. Be8 Kf6 66. Bb5
Bc3 67. Kh2 Be1 68. Rg2 Re3 69. Re2 Bxg3+ 70. Kg2 Rxe2+ 71. Bxe2 Bxf4 72. Kf3
Bd2 73. Bc4 Be1 0-1

[Event "Online Olym Div2 C 2021"]
[Site "chess.com INT"]
[Date "2021.09.03"]
[Round "6.2"]
[Board "2"]
[White "Pasko, Llambi"]
[Black "Tate, Alan"]
[Result "0-1"]
[WhiteTitle "IM"]
[BlackTitle "FM"]
[WhiteElo "2411"]
[BlackElo "2342"]
[WhiteTeam "Albania"]
[BlackTeam "Scotland"]
[WhiteFideId "4701178"]
[BlackFideId "2401878"]
[EventDate "2021.09.02"]
[EventType "team"]

1. d4 Nf6 2. c4 e6 3. Nf3 d5 4. Nc3 c5 5. cxd5 Nxd5 6. e4 Nxc3 7. bxc3 cxd4 8.
cxd4 Bb4+ 9. Bd2 Bxd2+ 10. Qxd2 O-O 11. Bc4 Nd7 12. O-O b6 13. d5 Nc5 14. Rfe1
Bb7 15. Rad1 Rc8 16. dxe6 fxe6 17. Qxd8 Rcxd8 18. Nd4 Kf7 19. f3 Ke7 20. Rd2 a6
21. Rb1 b5 22. Bxb5 Nxe4 23. fxe4 axb5 24. Rxb5 Bxe4 25. a4 Rd6 26. Re5 Ba8 27.
Nb3 Rf4 28. Rxd6 Kxd6 29. Ra5 Bd5 30. Ra6+ Ke5 31. Nc5 Rc4 32. Nd7+ Kd4 33. g4
Rc2 34. h3 Rg2+ 35. Kf1 Rg3 36. Nf8 e5 37. Ne6+ Ke3 38. Ng5 Bc4+ 39. Ke1 Rg1# 0-1

[Event "Online Olym Div2 C 2021"]
[Site "chess.com INT"]
[Date "2021.09.03"]
[Round "6.2"]
[Board "3"]
[White "Cooke, Suzie G."]
[Black "Gjergji, Rozana"]
[Result "0-1"]
[WhiteTitle "WFM"]
[BlackTitle "WCM"]
[WhiteElo "1915"]
[BlackElo "1920"]
[WhiteTeam "Scotland"]
[BlackTeam "Albania"]
[WhiteFideId "414930"]
[BlackFideId "4700147"]
[EventDate "2021.09.02"]
[EventType "team"]

1. d4 d5 2. Bf4 Nf6 3. e3 e6 4. Nd2 c5 5. c3 Nc6 6. Bd3 Be7 7. h3 O-O 8. Ngf3
cxd4 9. exd4 Bd6 10. Ne5 Qc7 11. Qe2 Nd7 12. Nxd7 Bxd7 13. Bxd6 Qxd6 14. Qh5 h6
15. Nf3 Rae8 16. Ne5 Nxe5 17. Qxe5 Qb6 18. Qe2 f6 19. Bg6 Re7 20. O-O e5 21.
dxe5 fxe5 22. Qh5 Rf6 23. Bd3 Qxb2 24. Rad1 Qxc3 25. Bb1 d4 26. g4 Rf3 27. Qg6
Rf6 28. Qh7+ Kf7 29. Be4 Qxh3 30. Bd5+ Be6 31. Bg2 Qxg4 32. f3 Qg5 33. Qc2 Bh3
34. Kh2 Bf5 35. Qf2 Rg6 36. f4 Qh5+ 37. Kg1 e4 38. Qxd4 Bh3 39. Qc4+ Be6 40.
Qxe4 Bxa2 41. Qc2 Bd5 42. Rxd5 Qxd5 43. Qxg6+ Kxg6 44. Bxd5 Kf5 45. Kg2 b5 46.
Bc6 b4 47. Rb1 a5 48. Ra1 Ra7 49. Kf3 b3 50. Ba4 Rb7 51. Rb1 b2 52. Bc2+ Kf6 53.
Ke3 Rb4 54. f5 a4 55. Bxa4 Rxa4 56. Rxb2 Kxf5 57. Rf2+ Kg4 58. Rf8 g5 59. Kf2 h5
60. Rf7 h4 61. Kg2 h3+ 62. Kh2 Ra2+ 63. Kh1 Kg3 64. Rf1 g4 65. Rg1+ Kf3 66. Rf1+
Ke2 67. Rg1 Ra4 68. Kh2 Kf2 69. Rg3 Re4 70. Rg1 Kf3 71. Rg3+ Ke2 72. Rg1 Rf4 73.
Kg3 Rf8 74. Kh2 Rf4 75. Kg3 Rb4 76. Kh2 Kf3 77. Rf1+ Ke3 78. Rg1 Kf4 79. Rf1+
Kg5 80. Rg1 Rb2+ 81. Kg3 Rb3+ 82. Kh2 Kh4 83. Re1 g3+ 84. Kh1 Rb2 85. Re4+ Kg5
86. Re1 Kf4 87. Rf1+ Ke3 88. Re1+ Kf3 89. Rf1+ Rf2 90. Rg1 Rh2# 0-1

[Event "Online Olym Div2 C 2021"]
[Site "chess.com INT"]
[Date "2021.09.03"]
[Round "6.2"]
[Board "4"]
[White "Shabanaj, Eglantina"]
[Black "Roy, Ali"]
[Result "1-0"]
[WhiteTitle "WCM"]
[WhiteElo "2014"]
[BlackElo "1878"]
[WhiteTeam "Albania"]
[BlackTeam "Scotland"]
[WhiteFideId "4700562"]
[BlackFideId "2400456"]
[EventDate "2021.09.02"]
[EventType "team"]

1. d4 d5 2. c4 e6 3. Nc3 Nf6 4. Bg5 Be7 5. Nf3 O-O 6. e3 Nbd7 7. Bd3 c6 8. O-O
b6 9. cxd5 cxd5 10. Rc1 Bb7 11. Bxf6 Nxf6 12. Ne5 Rc8 13. Bb1 Ne4 14. f3 Nxc3
15. bxc3 Ba3 16. Qd3 g6 17. Rc2 Qc7 18. c4 Bd6 19. cxd5 Qe7 20. dxe6 Qxe6 21.
Ng4 h5 22. Nf2 Rxc2 23. Bxc2 Qxa2 24. Bb3 Qa3 25. Qxg6+ Kh8 26. Qxh5+ Kg7 27.
Qg5+ Kh8 28. Bc2 Rc8 29. Qh6+ Kg8 30. Bh7+ Kh8 31. Bg6+ Kg8 32. Qh7+ Kf8 33.
Qxf7# 1-0

[Event "Online Olym Div2 C 2021"]
[Site "chess.com INT"]
[Date "2021.09.03"]
[Round "6.2"]
[Board "5"]
[White "Gordon, Frederick"]
[Black "Ramaj, Ergit"]
[Result "0-1"]
[WhiteElo "1456"]
[BlackElo "1610"]
[WhiteTeam "Scotland"]
[BlackTeam "Albania"]
[WhiteFideId "2409143"]
[BlackFideId "4703669"]
[EventDate "2021.09.02"]
[EventType "team"]

1. e4 c5 2. Nf3 d6 3. Bb5+ Bd7 4. Bxd7+ Qxd7 5. O-O Nc6 6. b3 Nf6 7. Re1 g6 8.
Bb2 Bg7 9. c4 O-O 10. d4 cxd4 11. Nxd4 Rac8 12. Nc3 a6 13. a4 e6 14. Qd2 Nxd4
15. Qxd4 Nd5 16. Qd2 Nxc3 17. Bxc3 Bxc3 18. Qxc3 d5 19. exd5 exd5 20. Qd4 Qf5
21. cxd5 Rcd8 22. Rad1 Rd6 23. Qc5 Rfd8 24. Re8+ Rxe8 25. Qxd6 Qd3 26. Rf1 Qxb3
27. Qd7 Re5 28. Qc8+ Kg7 29. d6 Rd5 30. d7 Qd3 31. Qxb7 Rxd7 32. Qb6 Rd6 33. Qb4
Qd4 34. Qa3 Qd3 35. Qa1+ Qd4 36. Qa2 Rb6 37. g3 h5 38. Qa3 h4 39. Kg2 Qe4+ 40.
Kg1 h3 41. Qc3+ Kh7 42. f3 Qe2 0-1

[Event "Online Olym Div2 C 2021"]
[Site "chess.com INT"]
[Date "2021.09.03"]
[Round "6.3"]
[Board "1"]
[White "Liyanage, Ranindu Dilshan"]
[Black "Hellers, Ferdinand"]
[Result "1/2-1/2"]
[WhiteTitle "CM"]
[BlackTitle "GM"]
[WhiteElo "2197"]
[BlackElo "2592"]
[WhiteTeam "Sri Lanka"]
[BlackTeam "Sweden"]
[WhiteFideId "9915834"]
[BlackFideId "1700022"]
[EventDate "2021.09.02"]
[EventType "team"]

1. e4 e6 2. d4 d5 3. Nd2 c5 4. exd5 Qxd5 5. Ngf3 cxd4 6. Bc4 Qd6 7. O-O Nf6 8.
Nb3 Nc6 9. Nbxd4 Nxd4 10. Nxd4 Bd7 11. c3 Qc7 12. Bb3 Bd6 13. h3 O-O 14. Qe2
Bh2+ 15. Kh1 Bf4 16. Re1 a6 17. Qf3 Bxc1 18. Raxc1 Rad8 19. Rcd1 Rfe8 20. Bc2 b5
21. Be4 Nxe4 22. Qxe4 f6 23. Kg1 e5 24. Nf5 Be6 25. a3 g6 26. Ne3 f5 27. Qh4 Kg7
28. Qb4 Bf7 29. a4 bxa4 30. Qxa4 a5 31. c4 e4 32. Nd5 Qc5 33. b3 Bxd5 34. cxd5
Re7 35. d6 Red7 36. Rc1 Qxd6 37. Qxa5 Qf4 38. Qc3+ Kh6 39. g3 Qd2 40. Qf6 Qg5
41. Qxg5+ Kxg5 42. Rc2 Rd1 43. Kf1 R1d3 44. Rb2 Rb8 45. b4 1/2-1/2

[Event "Online Olym Div2 C 2021"]
[Site "chess.com INT"]
[Date "2021.09.03"]
[Round "6.3"]
[Board "2"]
[White "Blomqvist, Erik"]
[Black "Doluweera, Minul Sanjula"]
[Result "1/2-1/2"]
[WhiteTitle "GM"]
[BlackTitle "FM"]
[WhiteElo "2536"]
[BlackElo "2129"]
[WhiteTeam "Sweden"]
[BlackTeam "Sri Lanka"]
[WhiteFideId "1709437"]
[BlackFideId "9910760"]
[EventDate "2021.09.02"]
[EventType "team"]

1. e4 c6 2. d4 d5 3. exd5 cxd5 4. Bd3 Nc6 5. c3 Nf6 6. Bf4 Bg4 7. Qb3 Qd7 8. Nd2
e6 9. Ngf3 Bd6 10. Bxd6 Qxd6 11. O-O O-O 12. Rae1 Rab8 13. Ne5 Bf5 14. Bxf5 exf5
15. Qc2 g6 16. Ndf3 b5 17. a3 a5 18. Qd2 Kg7 19. Qf4 Ne4 20. Re2 b4 21. cxb4
axb4 22. a4 Rfe8 23. h4 b3 24. Re3 Rb4 25. Rd1 Na5 26. Nd3 Qxf4 27. Nxf4 Nc4 28.
Re2 Rxa4 29. Nxd5 Ra2 30. Nb4 Rxb2 31. Rxb2 Nxb2 32. Rb1 Rb8 33. Nc6 Rb6 34. Na5
Rb5 35. Rxb2 Rxa5 36. Rxb3 Ra1+ 37. Kh2 Nxf2 38. Rb7 f4 39. g3 Ra3 40. Kg2 fxg3
41. Ng5 h6 42. Nxf7 Kf6 43. Nxh6 Ne4 44. Rb2 Rd3 45. Ng4+ Kf5 46. Ne5 Rxd4 47.
Nf3 Rd3 48. Ng5 Nxg5 49. hxg5 Kxg5 50. Rb4 Ra3 51. Rc4 Rb3 52. Ra4 Rc3 53. Rb4
Rd3 54. Ra4 Re3 55. Rb4 Ra3 56. Rc4 Kh5 57. Rb4 g5 58. Rc4 Rb3 59. Ra4 Rc3 60.
Rb4 Rd3 61. Ra4 Re3 62. Rb4 Ra3 63. Rc4 Re3 64. Ra4 g4 65. Ra8 Re2+ 66. Kxg3
Re3+ 67. Kg2 Re2+ 68. Kg3 Re3+ 69. Kg2 Re2+ 70. Kg3 1/2-1/2

[Event "Online Olym Div2 C 2021"]
[Site "chess.com INT"]
[Date "2021.09.03"]
[Round "6.3"]
[Board "3"]
[White "Premanath, Dinushki"]
[Black "Cramling, Pia"]
[Result "0-1"]
[WhiteTitle "WFM"]
[BlackTitle "GM"]
[WhiteElo "1793"]
[BlackElo "2455"]
[WhiteTeam "Sri Lanka"]
[BlackTeam "Sweden"]
[WhiteFideId "9903542"]
[BlackFideId "1700030"]
[EventDate "2021.09.02"]
[EventType "team"]

1. e4 c5 2. Nc3 Nc6 3. g3 g6 4. d3 Bg7 5. Bg2 e6 6. Be3 d6 7. Qd2 Rb8 8. Nge2 b5
9. O-O Nd4 10. Nd1 b4 11. a3 a5 12. axb4 axb4 13. f4 Ne7 14. f5 exf5 15. Nxd4
cxd4 16. Bg5 Qc7 17. exf5 Bxf5 18. Qe2 Be6 19. Nf2 O-O 20. Ne4 Nd5 21. Ra6 Rb6
22. Rxb6 Qxb6 23. Ra1 h6 24. Bd2 Rc8 25. Bc1 Qc7 26. Qf3 f5 27. Nf2 Qxc2 28. Nh3
Ne3 29. Bxe3 dxe3 30. Qxe3 Bf7 31. Ra7 Qc1+ 32. Qxc1 Rxc1+ 33. Bf1 Bd4+ 0-1

[Event "Online Olym Div2 C 2021"]
[Site "chess.com INT"]
[Date "2021.09.03"]
[Round "6.3"]
[Board "4"]
[White "Frisk, Ellinor"]
[Black "Tharushi, T H D Niklesha"]
[Result "1-0"]
[WhiteTitle "WIM"]
[BlackTitle "WCM"]
[WhiteElo "2176"]
[BlackElo "1711"]
[WhiteTeam "Sweden"]
[BlackTeam "Sri Lanka"]
[WhiteFideId "1708481"]
[BlackFideId "9918264"]
[EventDate "2021.09.02"]
[EventType "team"]

1. Nf3 b5 2. g3 Bb7 3. Bg2 a6 4. O-O e6 5. d4 c5 6. c3 Nf6 7. Nbd2 d5 8. Ne5 Nc6
9. Ndf3 Bd6 10. Bg5 h6 11. Bxf6 Qxf6 12. Nxc6 Bxc6 13. e3 O-O 14. Qe2 Rfb8 15.
Rfd1 a5 16. dxc5 Bxc5 17. Nd4 Bd7 18. e4 dxe4 19. Nb3 Bc6 20. Nxc5 Qe5 21. Nxe4
Bd5 22. Qe1 Rd8 23. Rd4 Rac8 24. a3 Ba8 25. Rad1 Rxd4 26. cxd4 Qd5 27. Nf6+ gxf6
28. Bxd5 Bxd5 29. Qxa5 Bb3 30. Re1 Ba4 31. Qd2 Kg7 32. Rc1 Rd8 33. Rc5 Rd7 34.
Rh5 Kf8 35. Qxh6+ Ke7 36. Qe3 Bd1 37. Rxb5 Ba4 38. Ra5 Bc6 39. Rc5 Bb7 40. f4
Kf8 41. b4 Bd5 42. Rxd5 Rxd5 43. a4 Ke7 44. b5 Kd6 45. Qc3 Kd7 46. b6 Kd8 47. b7 1-0

[Event "Online Olym Div2 C 2021"]
[Site "chess.com INT"]
[Date "2021.09.03"]
[Round "6.3"]
[Board "5"]
[White "De Silva, L M S T"]
[Black "Pantzar, Milton"]
[Result "1-0"]
[WhiteTitle "FM"]
[BlackTitle "IM"]
[WhiteElo "2085"]
[BlackElo "2423"]
[WhiteTeam "Sri Lanka"]
[BlackTeam "Sweden"]
[WhiteFideId "9953698"]
[BlackFideId "1721003"]
[EventDate "2021.09.02"]
[EventType "team"]

1. e4 c6 2. d4 d5 3. e5 c5 4. dxc5 e6 5. a3 Bxc5 6. Qg4 Ne7 7. Nf3 Nf5 8. Bd3 h5
9. Qf4 Nc6 10. O-O a6 11. b4 Be7 12. Bxf5 exf5 13. h4 Be6 14. Bb2 Rh6 15. Nc3
Rg6 16. Rad1 Rg4 17. Qd2 d4 18. Ne2 Bd5 19. Ne1 Nxe5 20. Nxd4 Qc7 21. f3 Nc4 22.
Qc3 Rxh4 23. Nxf5 Qb6+ 24. Rf2 Bf6 25. Nxg7+ Bxg7 26. Qxg7 Nxb2 27. Rxd5 Rh1+
28. Kxh1 Qxf2 29. Qe5+ Kf8 30. Qd6+ Kg8 31. Rg5+ Kh7 32. Rxh5+ Kg8 33. Rg5+ Kh7
34. Qh2+ Qh4 35. Qxh4# 1-0

[Event "Online Olym Div2 C 2021"]
[Site "chess.com INT"]
[Date "2021.09.03"]
[Round "6.3"]
[Board "6"]
[White "Zaritovskaja, Margarita"]
[Black "Sanudula, K M Dahamdi"]
[Result "0-1"]
[BlackTitle "WCM"]
[WhiteElo "2040"]
[BlackElo "1717"]
[WhiteTeam "Sweden"]
[BlackTeam "Sri Lanka"]
[WhiteFideId "14149249"]
[BlackFideId "9932470"]
[EventDate "2021.09.02"]
[EventType "team"]

1. e4 d5 2. exd5 Qxd5 3. Nc3 Qa5 4. d4 Nf6 5. Nf3 c6 6. Bc4 Bg4 7. Bd2 e6 8. h3
Bxf3 9. Qxf3 Qb6 10. O-O-O Bd6 11. Rhe1 Nbd7 12. Bf4 Bxf4+ 13. Qxf4 O-O-O 14. g4
Qc7 15. Qf3 Nb6 16. Bb3 Nbd5 17. Bxd5 Nxd5 18. Nxd5 cxd5 19. Kb1 Kb8 20. Rd3
Rhf8 21. Rc3 Qd6 22. Qd3 h6 23. Rb3 Rc8 24. Re2 Rc7 25. Qh7 f6 26. Rbe3 Re8 27.
Qg6 Ree7 28. a3 a6 29. h4 Rc6 30. g5 hxg5 31. hxg5 Qf4 32. gxf6 gxf6 33. Qg8+
Ka7 34. Qf8 Rec7 35. Rxe6 Qxd4 36. Re8 Rxc2 37. Ra8+ Kb6 38. Rxc2 Qd1+ 39. Ka2
Qxc2 40. Qxf6+ Kb5 41. Qd4 Qc4+ 42. Qxc4+ Kxc4 43. Rf8 Kd3 44. f4 d4 45. f5 Kc2
46. f6 d3 47. f7 d2 48. Rd8 Rxf7 49. Rc8+ Kd1 50. Kb3 Re7 51. Rd8 Ke1 52. Kc2
Rc7+ 0-1

[Event "Online Olym Div2 C 2021"]
[Site "chess.com INT"]
[Date "2021.09.03"]
[Round "6.4"]
[Board "1"]
[White "Elsness, Frode"]
[Black "Nabaty, Tamir"]
[Result "0-1"]
[WhiteTitle "IM"]
[BlackTitle "GM"]
[WhiteElo "2467"]
[BlackElo "2638"]
[WhiteTeam "Norway"]
[BlackTeam "Israel"]
[WhiteFideId "1501100"]
[BlackFideId "2809052"]
[EventDate "2021.09.02"]
[EventType "team"]

1. d4 d5 2. c4 dxc4 3. e4 c5 4. Nf3 cxd4 5. Qxd4 Qxd4 6. Nxd4 a6 7. Bxc4 e5 8.
Nb3 Nf6 9. f3 b5 10. Be2 Nc6 11. Kf2 Nb4 12. Nc3 Nc2 13. Rb1 Be6 14. Bg5 Bxb3
15. axb3 Bc5+ 16. Kg3 Nh5+ 17. Kg4 h6 18. Kxh5 hxg5+ 19. Kxg5 Ne3 20. Nd5 f6+
21. Nxf6+ gxf6+ 22. Kxf6 O-O+ 23. Kg6 Ra7 24. f4 Rg7+ 25. Kh6 Rf6+ 26. Kh5 Rh7+
27. Kg5 Be7 28. Rbc1 Rb6# 0-1